Normal view MARC view
  • Crespo, Altagracia

Entry Nombre Personal

Number of records used in: 1

001 - NUMERO DE CONTROL

  • campo de control: 51469

003 - IDENTIFICADOR DE NUMERO DE CONTROL

  • campo de control: UPN

005 - FECHA Y HORA DE LA ÜLTIMA TRANSACCIÓN

  • campo de control: 20240408112250.0

008 - DATOS DE LONGITUD FIJA

  • campo de control de longitud fija: 240408|| acn||aabn | a|a d

040 ## - FUENTE DE CATALOGACIÓN

  • Agencia original de catalogación: MX-MxUPN
  • Lenguaje de catalogación: spa
  • Agencia de transcripción: MX-MxUPN

100 1# - ENCABEZAMIENTO - NOMBRE PERSONAL

  • Nombre personal: Crespo, Altagracia

372 ## - CAMPO DE ACTIVIDAD

  • Field of activity: Instrucción secundaria

374 ## - OCUPACIÓN

  • Occupation: Profesora

670 ## - FUENTE EN LA QUE SE LOCALIZARON DATOS

  • Cita de la fuente: Elementos de Fisiologia é higiene: segundo año, primer semestre, 1897:
  • Información localizada: portada (Altagracia Crespo, Profesora de Instrucción Secundaria)

902 ## - CATALOGADOR

  • Catalogador: MaríaRobles/080424